| 000 | 03043nkm0a2200505 4500 | ||
|---|---|---|---|
| 001 | RU\NLR\BIBL_A\022720729 | ||
| 005 | 20260409003233.0 | ||
| 035 | _a(NLR Aleph) 022720729 | ||
| 090 |
_a13650157 _c13650157 |
||
| 100 | _a20260206d1851 u y0rusy50 ca | ||
| 101 | 0 | _arus | |
| 102 | _aRU | ||
| 116 | _aiiyaxx bo zz | ||
| 135 | _acrcn 024anaba | ||
| 181 | 0 |
_ab4 _bxb2e |
|
| 182 | 0 | _an | |
| 200 | 1 |
_aПрапорщик Уколов _eприлож. к Сев. Пчеле [(1851, № 27) _eэстамп] |
|
| 203 |
_aИзображение _bнеподвижное _bдвухмерное _bвизуальное _cнепосредственное |
||
| 210 |
_a[Санкт-Петербург _d1851] |
||
| 215 |
_a1 л. _cторцовая ксилография _d11х5 ; 22х14,5 |
||
| 300 | _aПо рисунку с натуры В. Ф. Тимма. Источник сведений: Северная Пчела. 1851. № 27 (3 фев.). С. 108 | ||
| 325 | _aКопия доступна в Электрон. б-ке РНБ | ||
| 327 | 0 | _aПортрет поясной, профиль вправо, в форме Самурского пехотного полка, в фуражке с кокардой | |
| 540 | 1 | _aПриложение к газете "Северная Пчела" | |
| 600 | 1 |
_aУколов _jГравюры _92696692 _3RU\NLR\AUTH\6601766227 |
|
| 606 | 1 |
_aПортретная гравюра русская _y19 в. _92547458 _3RU\NLR\AUTH\6601720959 |
|
| 606 | 1 |
_aГравюра на дереве _9913594 _3RU\NLR\AUTH\66333976 |
|
| 686 | 1 | _aЩ153(0)-455.2 | |
| 686 | 1 | _aЩ153(2Р=Рус)5-45 | |
| 686 | 1 | _aЩ153(2Р=Рус)5-475 | |
| 702 | 1 |
_aУколов _4570 |
|
| 702 | 1 |
_4040 _7ca _8rus _aТимм _bВ. Ф. _cхудожник _f1820-1895 _gВасилий Федорович _960362 _3RU\NLR\AUTH\7777434 |
|
| 830 | _aЛист опубликован в изд.: Северная Пчела. 1851, №27 (3 фев.). — 1851. — с. 105-108. https://viewer.rusneb.ru/ru/000200_000018_RU_NLR_DIGIT_97539?page=4&rotate=0&theme=white (06.02.2026), там же указано авторство В. Ф. Тимма БМВ ОЭФ | ||
| 830 | _aПодробная история подвига рядового Уколова описана в изд.: Русский инвалид : газета военная, политическая и литературная. 1849, № 122, 08 июня. https://viewer.rusneb.ru/ru/000199_000009_012367056?page=1&rotate=0&theme=white (06.02.2026) БМВ ОЭФ | ||
| 852 | 0 | 0 |
_aNLR _bЭ _jГП/2-У447 _mинв.6680 |
| 856 | 0 | _uhttps://vivaldi.nlr.ru/le700000618/view | |
| 856 | 1 | _uhttps://vivaldi.nlr.ru/le700000618/cover | |
| 856 | 2 | _uhttps://vivaldi.nlr.ru/le700000618/text | |
| 942 | _cVISUAL | ||
| 980 | _aNB | ||
| 981 | 1 | 7 |
_a(17) Изографические материалы _b(17) Портреты |